Educación y valores: sobre el sentido de la acción educativa en nuestro tiempo

Kaydedildi:
Detaylı Bibliyografya
Asıl Yazarlar: Bartolomé Pina, Margarita (Yazar), Ferreiros, Pilar (Yazar), Fondevila, José María (Yazar), Morilla, Mercedes (Yazar)
Kurumsal yazarlar: Instituto de Estudios Pedagógicos Somosaguas (Yazar), IEPS (Yazar)
Materyal Türü: Kitap
Dil:İspanyolca
Baskı/Yayın Bilgisi: Madrid Narcea 1983
Edisyon:3a. ed
Seri Bilgileri:Educación hoy
Konular:
Etiketler: Etiketle
Etiket eklenmemiş, İlk siz ekleyin!

MARC

LEADER 00000nam a2200000 a 4500
001 UCZ0556
003 CL-VaPUC
008 950728e19830900SP |||||||||||||||||spa|d
082 0 4 |a 370.114  |b BAR  |2 21 
100 0 |a Bartolomé Pina, Margarita  |e author  |9 343518 
700 0 |a Ferreiros, Pilar  |e author  |9 343519 
700 0 |a Fondevila, José María  |e author  |9 343520 
700 0 |a Morilla, Mercedes  |e author  |9 343521 
110 2 |a Instituto de Estudios Pedagógicos Somosaguas  |e author  |9 343522 
710 2 |a IEPS  |e author  |9 343523 
245 1 0 |a Educación y valores: sobre el sentido de la acción educativa en nuestro tiempo 
250 |a 3a. ed 
300 |a 254 p 
942 |c BK 
945 |d 19950728 00:00:00  |a cmena 
260 |a Madrid  |b Narcea  |c 1983 
650 0 |a Educación moral  |9 308319 
650 0 |a Ética  |9 255099 
650 7 |a DESARROLLO MORAL  |2 CL-VaPUC  |9 310605 
650 0 |a Valores morales   |9 310604 
650 0 |a Conceptos morales   |9 310606 
650 0 |a Comunicación   |9 257251 
583 |a last modification  |c 19950728 00:00:00  |k Rodrigo Vera 
490 0 |a Educación hoy 
999 |c 237475  |d 237473 
952 |0 0  |1 0  |4 0  |6 370_114000000000000_BAR_1983  |7 0  |8 P  |9 246628  |a BIBEDU  |b BIBEDU  |c BIBEDU_PB  |d 2019-11-18  |i 154778K  |o 370.114 BAR 1983  |p 154778K  |r 2024-01-25  |w 2019-11-18  |y BK  |k EDU